Polscy raperzy powyżej 2 mln miesięcznych słuchaczy na spotify - Statystyki

Ogólne statystyki
  • Ten quiz został rozwiązany 83 razy
  • Średni wynik to 7 z 10
Statystyki odpowiedzi
Miejsce Liczba Słuchaczy Odpowiedź % Poprawnych
2 2 736 734 Mata
97%
8 2 085 239 Bedoes 2115
85%
6 2 172 266 White 2115
78%
4 2 333 015 Oki
76%
3 2 673 435 Quebonafide
71%
1 2 865 151 Sobel
68%
5 2 321 000 Taco Hemingway
68%
10 2 006 831 Bambi
60%
7 2 111 852 Kizo
57%
9 2 073 303 Malik Montana
57%
Nie znaleziono quizów pasujących do podanych kryteriów
Rozkład punktacji
Procent ludzi z każdym wynikiem
Percentyl według liczby udzielonych odpowiedzi
Twoja historia wyników
Nie rozwiązałeś tego quizu